أخلاقيات مهنة التعليم / (رقم التسجيلة. 33707)

تفاصيل مارك
000 -الفاتح
حقل البيانات ثابتة الطول 00689nam a22002057a 4500
003 - محدد رقم الضبط
رقم الضبط OSt
005 - وقت وتاريخ اخر تعامل مع التسجيلة
رقم الضبط 20150408114208.0
008 - عناصر البيانات ثابتة الطول - معلومات عامة
حقل البيانات ثابتة الطول 140217s 2011jo ||||g b 00| 0 ara d
020 ## - الرقم الدولى المعيارى للكتب
الرقم الدولى المعيارى للكتاب 9789957519100
040 ## - مصدر الفهرسة
وكالة الفهرسة الأصلية ma-un
082 ## - رقم تصنيف ديوى العشرى
رقم الطبعة 21
رقم التصنيف 174.937
رقم المادة ب ق أ
100 ## - المدخل الرئيسى - إسم شخصى
الإسم الشخصى البشري، قدرية محمد
9 (RLIN) 43001
245 ## - بيان العنوان
العنوان أخلاقيات مهنة التعليم /
بيان المسئوليه,etc قدرية محمد البشري.
260 ## - PUBLICATION, DISTRIBUTION, ETC. (IMPRINT)
مكان الناشر او الموزع عمان، الأردن :
اسم الناشر او الموزع دار الخليج،
تاريخ النشر أو التوزيع 2011
300 ## - الوصف المادى
التعداد 288 ص. ؛
أبعاد الوعاء 24 سم.
504 ## - تبصرة ببليوجرافية
تبصرة ببليوجرافية,الخ قائمة ببليوجرافية.
650 ## - المدخل الاضافى بالموضوع-مصطلح موضوعى
مصطلح موضوعي أو اسم جغرافي كعنصر مدخل المدرسون
التقسيم الفرعي العام أخلاقيات
9 (RLIN) 12679
650 ## - المدخل الاضافى بالموضوع-مصطلح موضوعى
مصطلح موضوعي أو اسم جغرافي كعنصر مدخل التدريس (مهنة)
9 (RLIN) 43002
942 ## - عناصر المدخل الإضافي( كوها)
مصدر التصنيف او مخطط الترفيف Dewey Decimal Classification
Koha [default] item type كتاب
المقتنيات
حالة الفقد نموذج السعر الفعال حالة تلف ليس للاعارة رقم الطلب تاريخ الاكتساب الموقع الحالي الباركود الفرع الرئيسي Date last seen نوع المادة فى نظام كوها مصدر التصنيف او خطة الترفيف Total Checkouts Date last checked out
  2014-02-17     174.937 ب ق أ 2014-02-17 المكتبة المركزية بالمجمعة (CL) 00124723 المكتبة المركزية بالمجمعة (CL) 2014-02-17 كتاب Dewey Decimal Classification    
  2014-02-17     174.937 ب ق أ 2014-02-17 المكتبة المركزية بالمجمعة (CL) 00124724 المكتبة المركزية بالمجمعة (CL) 2017-09-11 كتاب Dewey Decimal Classification 1 2016-10-25
  2014-02-17     174.937 ب ق أ 2014-02-17 المكتبة المركزية بالمجمعة (CL) 00124725 المكتبة المركزية بالمجمعة (CL) 2014-02-17 كتاب Dewey Decimal Classification    
  2014-02-17     174.937 ب ق أ 2014-02-17 المكتبة المركزية بالمجمعة (CL) 00125164 مكتبة مجمع الطالبات بالمجمعة (EMF) 2026-01-05 كتاب Dewey Decimal Classification    
  2014-02-17     174.937 ب ق أ 2014-02-17 قسم الاجراءات الفنية (IC) 00125165 قسم الاجراءات الفنية (IC) 2014-02-17 كتاب Dewey Decimal Classification    
  2014-02-17     174.937 ب ق أ 2014-02-17 قسم الاجراءات الفنية (IC) 00125166 قسم الاجراءات الفنية (IC) 2014-02-17 كتاب Dewey Decimal Classification    
  2014-02-17     174.937 ب ق أ 2014-02-17 مكتبة كلية التربية بالزلفى - طالبات (EZF) 00125161 مكتبة كلية التربية بالزلفى - طالبات (EZF) 2017-03-30 كتاب Dewey Decimal Classification 1 2017-03-28
  2014-02-17     174.937 ب ق أ 2014-02-17 مكتبة كلية التربية بالزلفى - طالبات (EZF) 00125162 مكتبة كلية التربية بالزلفى - طالبات (EZF) 2015-10-19 كتاب Dewey Decimal Classification 1 2015-09-07
  2014-02-17     174.937 ب ق أ 2014-02-17 مكتبة كلية العلوم و الدراسات الإنسانية برماح - طلاب (SRM) 00125167 مكتبة كلية العلوم و الدراسات الإنسانية برماح - طلاب (SRM) 2014-02-17 كتاب Dewey Decimal Classification    
  2014-02-17     174.937 ب ق أ 2014-02-17 مكتبة كلية العلوم و الدراسات الإنسانية برماح - طلاب (SRM) 00125168 مكتبة كلية العلوم و الدراسات الإنسانية برماح - طلاب (SRM) 2014-02-17 كتاب Dewey Decimal Classification    
  2014-02-17     174.937 ب ق أ 2014-02-17 مكتبة مجمع الطالبات بالمجمعة (EMF) 00125163 مكتبة مجمع الطالبات بالمجمعة (EMF) 2015-02-15 كتاب Dewey Decimal Classification 1 2015-02-12
  2014-02-17     174.937 ب ق أ 2014-02-17 مكتبة مجمع الكليات بالزلفى - طلاب (SZM) 00125169 مكتبة مجمع الكليات بالزلفى - طلاب (SZM) 2014-02-17 كتاب Dewey Decimal Classification    
  2014-02-17     174.937 ب ق أ 2014-02-17 مكتبة مجمع الكليات بالزلفى - طلاب (SZM) 00125170 مكتبة مجمع الكليات بالزلفى - طلاب (SZM) 2014-02-17 كتاب Dewey Decimal Classification